| 000 | 00714 a2200193 4500 | ||
|---|---|---|---|
| 003 | Nust | ||
| 005 | 20230201132456.0 | ||
| 010 | _a61003599 | ||
| 040 | _cNust | ||
| 082 | _a940.5405,REY | ||
| 100 |
_aReynolds, Quentin _9108397 |
||
| 245 |
_aMinister of Death: _bthe Adolf Eichmann Story / _cQuentin Reynolds, |
||
| 260 |
_aLondon _bCassell _c1961, c1960 |
||
| 300 |
_a246 p _billus _c21 cm |
||
| 505 | _aPart I : The Capture (Page-3), Part II: The Pursuit (Page-26), Part III: The Man (Page-60), Part IV: The Crimes (Page-95), Part V: The Escape (Page-177), Part VI: The Case (Page-205). | ||
| 600 |
_aReynolds, Quentin James, _9108398 |
||
| 650 |
_aJews - German - Persecutions _9108399 |
||
| 942 |
_2ddc _cBK |
||
| 999 |
_c187194 _d187194 |
||